[Event "Candidates final"]
[Site "Elista"]
[Date "2007.06.07"]
[Round "2.2"]
[White "Gelfand, Boris"]
[Black "Kamsky, Gata"]
[Result "1/2-1/2"]
[WhiteElo "2733"]
[BlackElo "2705"]
[Annotator "Rogozenco,D"]
[PlyCount "102"]
[EventDate "2007.06.06"]
[EventType "k.o."]
[EventRounds "6"]
[EventCountry "RUS"]
[SourceTitle "CBM 119"]
[Source "ChessBase"]
[SourceDate "2007.08.01"]
[SourceVersion "1"]
[SourceVersionDate "2007.08.01"]
[SourceQuality "1"]

1. d4 d5 2. c4 c6 3. Nc3 Nf6 4. Nf3 a6 5. a4 {This is one of the safest and at
the same time principled moves. In many possible variations White has minimum
risk of losing, while there are plenty of resources to play for a win. Earlier
Gelfand usually opted for another ambitious, but more committal moev: 5.c5.} e6
6. Bg5 Nbd7 ({Another popular plan for Black became} 6... a5 7. e3 Na6 {
One of the latest examples is} 8. Bd3 Nb4 (8... Be7 9. O-O Nb4 10. Bb1 b6 $5
11. e4 dxe4 12. Nxe4 Ba6 13. b3 Nxe4 14. Bxe7 Qxe7 {and Black slowly equalized
in 1/2-1/2 Knaak,R (2486)-Kindermann,S (2532)/Germany 2006 (60)}) 9. e4 dxe4
10. Nxe4 c5 11. O-O Be7 12. Bxf6 gxf6 13. d5 $5 exd5 14. cxd5 Qxd5 15. Bb5+ Bd7
16. Bxd7+ Qxd7 17. Qxd7+ Kxd7 18. Rac1 Rhc8 19. Nh4 $44 {1-0 Gagunashvili,M 
(2611)-Grabarczyk,M (2461)/Cappelle la Grande 2007 (62)}) 7. e3 Qa5 {"The
Cambridge Springs Variation with the moves a4/a6 included should rather favour
Black, who can use more effectively square b4". This was the conclusion of
Vecheslav Chebanenko, which is generally correct, even if during the years
some advantages for White were found as well. For instance sometimes White can
later advance a4-a5, with a favourable blockade of the opponent's queenside
pawns.} 8. cxd5 {Just like in the Cambridge Springs, here too another option
is 8.Nd2, against which, however, Black found clear ways to equalize.} exd5 $5
{Why not? Instead of Cambridge Springs, Black transposes to the Carlsbad
structures, at the same time avoiding sharp variations.} (8... Nxd5 {is more
principled, but more risky too:} 9. e4 Nxc3 10. bxc3 Nf6 (10... Qxc3+ 11. Bd2
$44) 11. Bd3 Qxc3+ 12. Ke2 {White has enough compensation for the pawn.
Whether it secures an advantage, is another question. Notice that with pawns
on a2 and a7 instead of a4/a6 the compensation would have been much more
questionable. Now White's threat is to seize more space on the queenside with
the advance a4-a5.} Qa5 (12... Qb2+ 13. Bd2 a5 (13... Qb6 14. a5 $44) 14. Rb1
Qa2 (14... Qa3 $142 15. Re1 $5 $44 {[%cal Ge2f1]}) 15. Re1 Bb4 (15... Nd7 $142
16. Kf1 Be7 17. Bf4 $44) 16. Kf1 O-O $2 (16... Bxd2 17. Nxd2 $16) 17. Bxb4 axb4
18. Ra1 Qb2 19. Re2 Qc3 20. Rc2 Qb3 21. Bc4 {1-0 Kharlov,A (2597)-Iskusnyh,S 
(2496)/Moscow 2003}) 13. Qc2 h6 (13... Be7 14. Rhe1 h6 15. Bd2 Qh5 $2 16. e5
Ng4 17. Rh1 $1 (17. h3 $2 Nh2) 17... c5 18. h3 $18 {1-0 Ehlvest,J (2631)
-Paragua,M (2534)/Mallorca 2004 (45)}) 14. Bd2 Bb4 15. Bxb4 Qxb4 16. a5 O-O 17.
Rhc1 Nd7 18. e5 Rb8 19. Kf1 Rd8 20. Qe2 b5 21. axb6 Rxb6 22. Qe4 Nf8 23. Qe3
Nd7 24. Rcb1 $1 (24. d5 cxd5 25. Rab1 Qa4 26. Ra1 Qb4 27. Rab1 {1/2-1/2
Ehlvest,J (2596)-Najer,E (2606)/Las Vegas 2004}) 24... Qe7 25. Rxb6 Nxb6 26.
Qe4 g6 27. Qxc6 $14) (8... cxd5 9. Bd3 $14) 9. Bd3 ({If White wants to keep
his dark-squared bishop alive, then he should continue} 9. Nd2 {Similar to the
Carlsbad Variation, White is marginally better, but Black doesn't have
particular opening problems.} Be7 10. Bd3 O-O 11. O-O Re8 12. Qc2 Qd8 13. a5
Nf8 14. Nb3 h6 15. Bxf6 {Deserving attention is the retreat of the bishop to
h4 or f4.} Bxf6 16. Nc5 Be7 17. b4 Bd6 18. Rfe1 Qc7 19. g3 Ne6 20. f4 Re7 21.
N3a4 Nf8 22. Nb6 Rb8 23. Kg2 Bg4 24. h3 Be6 25. Rac1 Rbe8 $13 {1/2-1/2
Jakovenko,D (2671)-Laznicka,V (2596)/Pamplona 2006 (47)}) 9... Ne4 {The
principled answer.} (9... Be7 10. O-O O-O 11. Qc2 $14) 10. O-O Nxg5 (10... Nxc3
11. bxc3 Qxc3 12. e4 $36) 11. Nxg5 Be7 12. f4 $5 $146 {Gelfand changes the
character of the position, since otherwise Black has an easy game.} (12. Nf3
O-O $11) (12. Qh5 Bxg5 (12... g6 $5 13. Qh6 Bf8 14. Qh4 Be7 15. Qf4 Nf6 $11)
13. Qxg5 O-O 14. Qe7 Nf6 15. b4 Qd8 16. Qxd8 Rxd8 17. b5 axb5 18. axb5 Be6 19.
bxc6 bxc6 $14 {/=, 1/2-1/2 Lapcevic,M (2269)-Krivoborodov,E (2390)/Herceg Novi
2005 (28)}) 12... Nf6 (12... Bxg5 $6 13. fxg5 $36 {[%csl Re8,Rf7][%cal Gd1h5,
Yf1f3,Ya1f1]}) 13. Qc2 h6 14. Nf3 Be6 ({After the natural} 14... O-O 15. Ne5 {
White can try to advance his kingside pawns in order to create an attack
against the enemy's king.}) 15. Ne5 Rd8 16. h3 h5 {Kamsky's plan to keep the
king in the centre gives the position an unusual character.} (16... O-O 17. g4
$13) 17. Nf3 {[%csl Rg5]} Kf8 18. Ng5 Bd7 19. Rae1 {Gelfand is doing
everything very logically, nevertheless it is difficult for White to create
concrete threats.} Qb4 {Black cleverly uses the dark squares. Now he keeps an
eye on the d4-pawn, thus preventing ideas of e3-e4.} 20. Na2 Qb6 21. b4 $1 {
Gaining more space. White's intention is to close the queenside with a4-a5 and
then try to open up the position, most probably with the help of the e3-e4
break.} a5 {In order to keep counterplay possibilities, Kamsky is trying to
create some weaknesses in White's position.} (21... Bxb4 $6 22. Rb1 (22. Nxb4
Qxb4 23. Rb1 Qe7 24. Rxb7 Qxe3+ 25. Kh1 $44) 22... a5 23. Nxb4 axb4 24. Qd2 $16
) 22. bxa5 Qxa5 23. Rb1 {A small trap.} (23. Bg6 {still brings nothing in view
of} Be8 ({but not} 23... fxg6 $2 24. Qxg6 Be8 25. Ne6+ Kg8 26. Qxg7#)) 23...
Qa7 (23... Bc8 $2 {loses on the spot:} 24. Bg6 $1 fxg6 25. Qxg6 {with
inevitable mate}) 24. Nc3 Rh6 {Ruling out Bg6-ideas.} 25. Qb3 Rb8 $6 ({
Probably Kamsky didn't like the natural} 25... Bc8 {in view of the fact that
now Black lacks protection of pawn f7 and White is able to advance his e-pawn:}
26. Ne2 {[%csl Rd4,Rf7][%cal Ge3e4,Yb3f7] However, Black still keeps resources
here:} h4 27. e4 Nh5 {and although White should be better, things are far from
clear, since suddenly Black's pieces are not bad at all.}) 26. Nf3 {This is
the difference: White is better coordinated and he can easier maneuver and
transfer his pieces, which defines White's advantage.} Be8 27. Ne5 Bd6 28. Rf2
Ng8 29. Rfb2 {Now all White's pieces are optimally placed.} Ne7 ({After the
attempt to consolidate with} 29... Re6 {[%csl Re3][%cal Gf7f6] White had to
find} 30. Qd1 f6 31. Qf3 $1 $16 {[%csl Rg6,Rh5][%cal Ge5g6]}) 30. Qc2 {
Continuing the same slow strategy often helps the opponent. When you have an
advantage and after improving the position of your pieces, if the opponent is
defending tenaciously, there usually comes a crucial moment.. In other words,
at some moment the better side should take some concrete action, since
otherwise the further slow maneuvering might cause the existing advantage to
evaporate.} ({The most problems would have been set by} 30. Qb6 {with the
intention to advance the a-pawn. Black's defensive task would have been more
difficult, although with precise play he can probably still hold:} Qa8 (30...
Qxb6 31. Rxb6 $18 {[%csl Rb7]}) 31. a5 c5 $1 (31... Nc8 32. Qd8 Ne7 33. Nd7+ $1
) (31... Re6 32. a6 $18) (31... f6 32. a6 $1 (32. Nf3 Nc8 {[%csl Ra5]}) 32...
bxa6 (32... fxe5 33. axb7 Qa3 34. Rb3 $18) 33. Qxb8 Bxb8 34. Rxb8 Qa7 35. R1b7
Qxb7 36. Rxb7 fxe5 37. fxe5 $16) 32. Ng6+ (32. a6 $2 Bxe5 {[%cal Gh6b6]} 33.
axb7 Qa3 $19) 32... Rxg6 {otherwise White takes the Bd6} 33. Bxg6 Nc8 34. Qd8
fxg6 35. Nxd5 cxd4 (35... b5 $5 {[%cal Ga8d5]}) 36. Nc7 (36. exd4 b5 37. Re2
Qc6) 36... Bxc7 37. Qxc7 Bc6 38. Qxc6 bxc6 39. Rxb8 Qxa5 (39... Qa6 $2 40. R1b7
Kg8 41. Rxc8+ Kh7 42. Rbb8 g5 43. f5 $18) 40. Rxc8+ Kf7 41. exd4 Qa7 {and
Black must escape with a draw.}) 30... Kg8 31. Nf3 Bd7 32. Rb3 $6 {White plans
Qb2, but Black has already finished the regrouping of his pieces and can start
activity.} c5 $1 $132 {Threatening the further advance of the pawn. Suddenly
it turns out that taking on c5 loses a pawn, not taking on c5 loses a pawn too.
..} 33. Nb5 (33. dxc5 Bxc5 {[%csl Re3]}) 33... Bxb5 34. Rxb5 cxd4 35. exd4 (35.
Nxd4 Bxf4 $15) 35... Bxf4 36. Qb3 {Now White must think about equalizing.} Rc6
(36... Re6 $15 {would have been more unpleasant for White in time trouble} 37.
Rxb7 $140 $2 Rxb7 38. Qxb7 Qxa4 $17) 37. Rxb7 Rc1+ 38. Kf2 (38. Rxc1 $2 Rxb7
39. Qxd5 Rd7 40. Qxh5 Bxc1 $19) 38... Rxb1 (38... Bg3+ 39. Ke2 $1 (39. Kxg3 $2
Rxb1 40. Rxb8+ Qxb8+ {and White cannot take on b1 since his king is in check.})
) 39. Rxb8+ Qxb8 40. Qxb1 $11 Bg3+ (40... Qxb1 41. Bxb1 Bc7 $11) 41. Ke2 Qe8
42. Qb5 Nc6+ 43. Kd2 Bf4+ 44. Kc3 Qd7 (44... Qe3 45. Qxc6 (45. Qxd5 Qc1+ 46.
Kb3 Qd1+ $11 47. Bc2 $2 Qxc2+ 48. Kxc2 Nb4+ $19) 45... Qc1+ 46. Bc2 Qa3+ 47.
Bb3 Qc1+ $11) 45. a5 g5 46. a6 g4 47. hxg4 hxg4 48. Ne5 Nxe5 49. Qxd7 (49. Qb8+
Kg7 50. dxe5 Qa4 51. a7 Qa3+ 52. Kd4 Bg3 53. a8=Q (53. Ke3 $2 Qc5+ 54. Ke2 Bf4
55. a8=Q Qe3+ 56. Kf1 Qxd3+ $19) 53... Bf2+ 54. Kxd5 Qxd3+ 55. Kc6 Qc4+ $11)
49... Nxd7 50. a7 Nb6 51. Bb5 Bd6 (51... Bd6 52. Bc6 $11) 1/2-1/2

[Event "Candidates final"]
[Site "Elista"]
[Date "2007.06.08"]
[Round "2.3"]
[White "Kamsky, Gata"]
[Black "Gelfand, Boris"]
[Result "0-1"]
[WhiteElo "2705"]
[BlackElo "2733"]
[Annotator "Krasenkow,M"]
[PlyCount "116"]
[EventDate "2007.06.06"]
[EventType "k.o."]
[EventRounds "6"]
[EventCountry "RUS"]
[SourceTitle "CBM 119"]
[Source "ChessBase"]
[SourceDate "2007.08.01"]
[SourceVersion "1"]
[SourceVersionDate "2007.08.01"]
[SourceQuality "1"]

1. d4 {Ftacnik} Nf6 2. Nf3 d5 3. Bf4 {GM Gata Kamsky, after his comeback to
chess, often opts for quiet, rather harmless openings, to avoid theoretical
battles.} c5 4. e3 Nc6 5. Bb5 {A rare move. White will have to play an awkward
Nc3 in reply to ...Qa5+.  Ftacnik: 'Kamsky has spent whole 26 minutes for this
rare continuation, but it did not make it any stronger.'} (5. c3 {is normal.})
5... cxd4 {Here are two GM games played with this line:} (5... Qb6 6. Nc3 cxd4
7. Qxd4 Qxd4 8. exd4 Bd7 9. Ne5 e6 10. Nxd7 Kxd7 11. Na4 Ne4 12. c3 Bd6 13. Be3
Kc7 14. Nc5 Nf6 15. Be2 Na5 16. Nd3 Nd7 17. O-O a6 18. Rfe1 b5 19. Reb1 Nc4 20.
Bc1 Rhb8 $11 {1-0 Mitkov,N-Krush,I/Schaumburg 2006/CBM 111 ext (77)}) (5... Bg4
6. Nbd2 cxd4 7. exd4 Qb6 8. c4 a6 9. Ba4 Bxf3 10. Qxf3 e6 11. O-O Be7 12. Qb3
Qa7 $6 (12... Qxb3 13. axb3 O-O 14. Bxc6 bxc6 15. Ra4 Ra7 16. Rfa1 Rfa8 17. Nf3
Nd7 $11 {A.Finkel}) 13. c5 O-O 14. Bxc6 $5 bxc6 15. h3 Nd7 16. Qa4 Rfc8 17. b4
Bd8 18. Rab1 Bc7 19. Bxc7 Qxc7 20. Nf3 f6 21. Qc2 e5 22. a4 $14 {0-1 Nogueiras,
J-Bruzon Bautista,L/Santa Clara 2005/CBM 107/[Finkel,A] (47)}) (5... Qa5+ $5 6.
Nc3 Ne4 7. O-O Nxc3 8. Bxc6+ bxc6 9. bxc3 Qxc3 10. Rb1 $5) 6. exd4 Qa5+ 7. Nc3
Bg4 (7... Ne4 {is now less logical than in the line without ...c5xd4 e3xd4.} 8.
Qd3 $1 Bf5 9. Ne5 $36) 8. O-O e6 9. h3 Bxf3 10. Qxf3 Rc8 11. Rfd1 Be7 12. Bf1
O-O 13. Ne2 {[%mdl 32] White is trying to transfer this knight to a better
square but it takes a lot of time.} b5 {Ftacnik: 'Gelfand is enjoying a
pleasant minority attack for free, on top of it Kamsky was already struggling
with time.'} (13... Qb6 $5 {[%cal Yc6a5,Ya5c4]}) 14. c3 $6 {White concluded
that he could not do without this move, e.g.} (14. Ng3 Qb6 15. Be3 Nb4 16. c3
Nc2 17. Rac1 Nxe3 18. fxe3 Rc7 {[%csl Rg1][%cal Yf8c8,Yb5b4] with initiative
for Black.}) ({However,} 14. a3 $142 {in order to exchange more queenside
pawns.}) 14... b4 15. Qd3 Qb6 16. cxb4 $5 Nxb4 17. Qb3 Ne4 18. a3 Nc6 19. Qxb6
axb6 $15 {[%csl Rd4][%cal Rc6a5]} 20. b4 $6 {Further weakening his position.} (
20. Rac1 Na5 21. Ng3 $5) 20... g5 21. Be3 Nd6 $17 22. Nc1 f5 23. Nb3 Nc4 24. b5
Nd8 25. a4 Nb7 26. Bc1 f4 27. Be2 Bb4 {The black pieces comfortably walk on
the weak squares in White's camp.} 28. Ra2 Nbd6 29. Bd3 Ra8 {Winning the b5
pawn.} 30. Kf1 Nxb5 31. Rc2 Nbd6 32. Bd2 Rxa4 33. Bxb4 Rxb4 34. Nc1 Nf5 35.
Bxf5 Rxf5 36. Nd3 Rb3 37. Ra2 Rf7 38. Ke2 Nd6 39. Rda1 Nb5 40. Kd2 Nxd4 41. Rc1
Rb5 42. Rc8+ Rf8 43. Rc7 Ra5 44. Rb2 Rf7 45. Rc8+ Kg7 46. Ne5 Rb7 47. h4 gxh4
48. Rb4 Ra2+ 49. Kd3 Nf5 50. Rxf4 Rba7 51. Rc3 R7a3 52. Rxa3 Rxa3+ 53. Ke2 b5
54. Rg4+ Kf6 55. Nd3 Ra8 56. Kd2 e5 57. Rb4 e4 58. Nc5 Rg8 0-1

[Event "Candidates final"]
[Site "Elista"]
[Date "2007.06.10"]
[Round "2.4"]
[White "Gelfand, Boris"]
[Black "Kamsky, Gata"]
[Result "1/2-1/2"]
[WhiteElo "2733"]
[BlackElo "2705"]
[Annotator "Marin,M"]
[PlyCount "108"]
[EventDate "2007.06.06"]
[EventType "k.o."]
[EventRounds "6"]
[EventCountry "RUS"]
[SourceTitle "CBM 119"]
[Source "ChessBase"]
[SourceDate "2007.08.01"]
[SourceVersion "1"]
[SourceVersionDate "2007.08.01"]
[SourceQuality "1"]

1. d4 d5 2. c4 c6 3. Nc3 Nf6 4. Nf3 a6 5. e3 g6 6. Be2 Bg7 7. O-O O-O 8. a4 Be6
({The approved reaction against White's last move is} 8... a5 {, taking the
b4-square under control. It should be mentioned that Black has generally been
very succesful with it, but objectively speaking White should cont with
retaining a small advantage.} 9. cxd5 (9. b3 Bg4 10. Ba3 Re8 11. cxd5 Nxd5 12.
Nxd5 cxd5 13. Bb5 Nc6 14. h3 Bxf3 15. Qxf3 e6 16. Rac1 Rc8 17. Qe2 Bf8 $11 {
and Black soon neutralized White's light pressure in Berkes,F (2601)-Bu
Xiangzhi (2664)/Taiyuan 2006 (1/2-1/2, 44)}) 9... cxd5 10. Qb3 (10. b3 Nc6 11.
Ba3 Bf5 12. Rc1 Ne4 13. Nxe4 Bxe4 14. Nd2 Bf5 15. Rc5 Qd6 16. Qa1 Nb4 17. Qc3
b6 18. Rc7 e5 $132 {Suba,M (2528)-Stefanova,A (2451)/Coria del Rio 2002/CBM
086 ext (0-1, 50). . White's sophisticated manoeuvring has left him with the
pieces unnaturally placed and Black grabs her chance for counterplay in the
centre.}) 10... Nc6 11. Ne5 Nb4 12. Bd2 Bf5 {><d3} (12... Be6 13. Rfc1 Nc6 $5 {
Not easy to explain.} (13... Nd7 $5 14. Nd3 $5 {This move is possible because
there is no black bishop on f5.} Nxd3 15. Bxd3 Nb6 16. Rc2 {offers White some
initiative in a symmetrical position. The b6-knight is not very stable (and
will not be so on c4 either).}) 14. f4 (14. Qxb7 Nxe5 15. dxe5 Nd7 16. f4 Nc5
17. Qb5 Rc8 $44 {/\...Bd7, ףb5, ><b3}) 14... Qb8 15. Be1 Rd8 16. Nb5 Rc8 17.
Bf3 Ra6 18. Bg3 Qa8 19. Rc3 Rb6 20. Rac1 $14 {Bareev,E (2683)-Nogueiras,J 
(2554)/Havana 2006/CBM 116 (0-1, 55)}) 13. Rac1 (13. Rfc1 $5) 13... Nd7 14.
Nxd7 Qxd7 15. Nb5 Nc6 16. Rc5 Rfd8 17. Bf3 e6 18. Nc3 Nb4 19. Nb5 Nc6 20. Be2
e5 $132 {Avrukh,B (2600)-Stefanova,A (2473)/Andorra 2001/CBM 083 ext (1/2-1/2,
28)}) 9. Ng5 $146 (9. b3 c5 (9... Nbd7 10. Ba3 Rc8 11. Rc1 h6 12. h3 Ne4 13.
cxd5 Nxc3 14. Rxc3 Bxd5 15. Qc2 f5 16. Bc4 Nf6 17. Ne5 $14 {Volzhin,A (2515)
-Oliwa,P (2275)/Swidnica 1998/EXT 2003 (1/2-1/2, 37)}) 10. Ba3 dxc4 $6 (10...
cxd4 $5 11. Nxd4 Nc6 12. Nxe6 fxe6 {The structure is very similar to that from
certain lines of the Bf4-Grünfeld. White cannot take advantage of Black's
double pawns. In fact, his weak control in the centre invites him to prudence 
(Black's main strategic threat being ...d4, with chances to conquer the dark
squares in the centre).}) 11. bxc4 cxd4 12. Nxd4 Nc6 (12... Bd7 13. Rb1 $36)
13. Nxe6 Qxd1 14. Rfxd1 fxe6 15. Rab1 $16 {Mitenkov,A (2445)-Seoev,R (2205)/
Moscow 1996/EXT 2000 (1-0, 32)}) 9... Bc8 10. Qb3 b6 ({Even here,} 10... a5 {
deserves being considered.}) 11. Bd2 e6 12. Nf3 Nbd7 13. cxd5 exd5 14. a5 b5 {
White has obtained a favourable queenside structure. Besides, the apparently
modest development of his queen's bishop will be entirely justified soon.} 15.
Rfd1 Re8 16. Rac1 Bf8 17. Na2 Bb7 18. Bb4 Bh6 19. Rc2 Ne4 20. Nc1 Re6 21. Nd3
Qf6 22. Nfe5 ({In order to prove an advantage, White has to exchange one of
the knights defending the c5-square and then occupy it with the d3-knight. The
main (and, possibly, better) alternative to the text move was} 22. Nd2 {
. Gelfand might have feared the piece sacrifice} Nxf2 23. Nxf2 Bxe3 {but after}
24. Nf3 Rae8 25. Bf1 {White seems to be able to stabilize the situation to his
favour.}) 22... Nxe5 23. dxe5 Rxe5 $1 {However, this sacrifice is entirely
sound.} 24. Nxe5 Qxe5 25. Bf3 Re8 26. Bxe4 Qxe4 {Black has entirely adequate
compensation for the sacrificed exchange. White will not be able to
breakthrough on the queenside. Instead, he will have to prepare to open play
in the centre in a way or another. Until then, Black will have to put as much
pressure as possible on the white kingside in order to keep the balance even.}
27. Bc5 Bg5 28. Qd3 Qe6 29. Bd4 Be7 30. Rdc1 h5 31. Qd2 Bd6 32. b4 f6 33. Qd3
Kf7 34. Bc5 Bb8 35. f3 Bc8 36. Re2 h4 37. Qc3 h3 38. g3 Bd7 39. Rce1 g5 40. e4
dxe4 41. Rxe4 Qa2 42. R1e2 Qb1+ 43. Re1 Qa2 44. R1e2 Qb1+ 45. Qe1 Qxe1+ 46.
Rxe1 Be6 {Both sides accomplished the aforementioned plans and it will soon
appear that White cannot win this ending.} 47. Kf2 f5 48. R4e2 Bc7 49. Rd2 Rd8
50. Rxd8 Bxd8 51. Rd1 Bd5 52. f4 g4 53. Ke3 Bf6 54. Re1 Be4 1/2-1/2

[Event "Candidates final"]
[Site "Elista"]
[Date "2007.06.11"]
[Round "2.5"]
[White "Kamsky, Gata"]
[Black "Gelfand, Boris"]
[Result "0-1"]
[WhiteElo "2705"]
[BlackElo "2733"]
[Annotator "Marin,M"]
[PlyCount "106"]
[EventDate "2007.06.06"]
[EventType "k.o."]
[EventRounds "6"]
[EventCountry "RUS"]
[SourceTitle "CBM 119"]
[Source "ChessBase"]
[SourceDate "2007.08.01"]
[SourceVersion "1"]
[SourceVersionDate "2007.08.01"]
[SourceQuality "1"]

1. e4 c5 2. Nf3 d6 3. Bb5+ Bd7 4. Bxd7+ Qxd7 5. c4 {Given Kamsky's tendency to
avoid topical lines, this looks like a safe choice of opening. In the
Rossolimo variation White cannot claim an objective advantage, but obtains
more space in a relatively stable position. Judging from the further course of
the game, Kamsky did not anticipate how "relative" this evaluation really is...
} Nf6 6. Nc3 g6 7. O-O Bg7 8. d4 cxd4 9. Nxd4 O-O {Black has delayed the
development of his queen's knight, but could still transpose to the old main
lines with 10...Nc6. However, Gelfand had other plans.} 10. f3 Rc8 11. b3 d5 $3
{Boom! Forget about stability in the centre; with this "delayed Grünfeld" blow
Black gives the position an open character. Judging from Kamsky's long
thinking starting with this moment, he must not have been aware of the fact
that this move had been played in several dozens of games already...} {Black
has no problems after} 12. exd5 ({Personally, I would be more concerned about} 
12. e5 {, but the move played by Kamsky belongs to main stream of "theory"
still. For further details about the advance of the e-pawn, see the comments
to Vescovi,G (2633)-Areshchenko,A (2564)/Moscow 2004/CBM 100/[Psakhis] (1-0,
29)}) 12... Nxd5 13. Nxd5 e6 14. Bh6 $1 exd5 15. Bxg7 Kxg7 16. c5 ({This had
been played just once before. Most of the games went} 16. Nb5 {with equal play.
Here is a recent example:} dxc4 17. Nd6 Rd8 18. Nxb7 Qxd1 19. Raxd1 Rxd1 20.
Rxd1 cxb3 21. axb3 Nc6 22. Rd7 {1/2-1/2 Boidman,Y (2438)-Savchenko,S (2545)/
Metz 2007/CBM 117 ext}) 16... Na6 17. Nc2 ({This is a strong novelty
maintaining... equality! After} 17. Qd2 Nxc5 {Black was a pawn up in
Kovalevskaya,E (2469)-Kosintseva,N (2459)/Krasnoturinsk 2005/CBM 107 ext (0-1,
36)}) 17... Nxc5 18. Qd4+ f6 19. Ne3 Ne6 20. Qh4 $2 ({With so many short draws
around, Kamsky probably felt like proving his fighting spirit, but he will
never get even a faint shadow of compensation for the pawn.} 20. Qxd5 {would
have most probably led to a draw.}) 20... Rc5 21. Rad1 d4 22. Ng4 Rf8 $17 23.
Rfe1 Rh5 24. Qg3 Rd5 25. Rd2 Qd6 26. Qh4 h5 27. Nf2 g5 28. Qe4 Re5 29. Qb1
Rxe1+ 30. Qxe1 Rd8 31. g3 Nc5 32. Qe2 a5 33. Qb5 b6 34. a3 Qe6 35. Rb2 d3 36.
b4 axb4 37. axb4 Nb3 38. Qa4 Nd4 39. Kg2 Nc2 40. Rxc2 {In view of the threat ..
.Ne3+, this exchange sacrifice was virtually forced, but it is much less
effective than the sacrifice from the yesterday's game between the same
players.} dxc2 41. Qxc2 g4 42. fxg4 hxg4 43. Kg1 Rd4 44. Qc7+ Kg6 45. Qc2+ f5
46. Qc3 Rc4 47. Qd2 Kh7 48. h3 gxh3 49. Nxh3 Qc6 50. Qe3 Rc1+ 51. Kf2 Qc2+ 52.
Kf3 Rf1+ 53. Nf2 {According to the server, Gelfand took his time before
delivering the deadly blow} Rxf2+ $1 {with mate on e4 to follow.} 0-1